000 00379nam a2200157Ia 4500
999 _c14185
_d14185
003 OSt
005 20260326153243.0
008 260210s9999 xx 000 0 und d
020 _a9781682855942
082 _a301
100 _a Lillian Harper
245 0 _aAnthropology: Understanding Societies
260 _bWillford Press
_c2019
300 _a209 pages
942 _cBPLAN
_2ddc